000 00538nam a2200181 a 4500
001 000016920
005 20200929165001.0
008 100312s1977 dr ab 000 0 spa d
040 _aDO-SdBNP
082 _axxx
_bG643m
100 1 _aGonzález, Carlisle
_937420
245 1 0 _aModerno manual de la educación cívica /
_cCarlisle González.
250 _a4ta. ed.
260 _aSanto Domingo :
_bEscobo,
_c1977.
300 _a199 p. :
_bil., map. ;
_c22 cm.
504 _aIncluye referencias bibliográficas (p. 190-193)
049 _aBNPD
999 _c16452
_d16452